Sports Quiz

Random Sports or World Quiz

Teams Defeated En Route to World Series Quiz Stats

 Plays Quiz not verified by Sporcle

Also try: MLB MVP (A-Z)
Challenge
Share
Tweet
Embed
Score 0/54 Timer 05:00
0 Plays Today
World Series Champion Team Defeated % Correct
Philadelphia Phillies
96.8%
Tampa Bay Rays
92.9%
Los Angeles Angels
90.9%
2009 New York YankeesMinnesota Twins
89%
Colorado Rockies
85.1%
Los Angeles Dodgers
84.4%
New York Yankees
84.4%
2007 Boston Red SoxLos Angeles Angels
82.5%
St Louis Cardinals
82.5%
New York Yankees
82.5%
New York Yankees
81.8%
Detroit Tigers
80.5%
Texas Rangers
80%
Detroit Tigers
80%
St Louis Cardinals
80%
Houston Astros
79.2%
San Francisco Giants
76.6%
2005 Chicago White SoxBoston Red Sox
76%
New York Mets
74.7%
2004 Boston Red SoxLos Angeles Angels
74%
2002 Anaheim AngelsNew York Yankees
73.4%
New York Mets
72.7%
Cleveland Indians
72.1%
Los Angeles Angels
72.1%
2008 Philadelphia PhilliesMilwaukee Brewers
69.5%
Chicago Cubs
68.8%
2011 St Louis CardinalsPhiladelphia Phillies
66.7%
World Series Champion Team Defeated % Correct
Minnesota Twins
64.9%
2003 Florida MarlinsSan Francisco Giants
61.7%
2006 St Louis CardinalsSan Diego Padres
61%
Atlanta Braves
60.4%
Milwaukee Brewers
60%
2012 San Francisco GiantsCincinnati Reds
60%
2001 Arizona DiamondbacksSt Louis Cardinals
57.8%
Seattle Mariners
56.5%
2000 New York YankeesOakland Athletics
49.4%
Atlanta Braves
30.5%
San Diego Padres
27.3%
Cleveland Indians
27.3%
Atlanta Braves
25.3%
Boston Red Sox
22.1%
Cleveland Indians
22.1%
Atlanta Braves
21.4%
Cleveland Indians
20.8%
1999 New York YankeesTexas Rangers
19.5%
Texas Rangers
19.5%
1998 New York YankeesTexas Rangers
18.2%
Baltimore Orioles
18.2%
1997 Florida MarlinsSan Francisco Giants
17.5%
1996 New York YankeesTexas Rangers
17.5%
Philadelphia Phillies
17.5%
2010 San Francisco GiantsAtlanta Braves
15.6%
1995 Atlanta BravesColorado Rockies
13%
Cincinnati Reds
13%

You're not logged in!

Compare scores with friends on all Sporcle quizzes.
Join for Free
OR
Log In

You Might Also Like...

Show Comments

Extras

Top Quizzes Today


Score Distribution

Your Account Isn't Verified!

In order to create a playlist on Sporcle, you need to verify the email address you used during registration. Go to your Sporcle Settings to finish the process.

Report this User

Report this user for behavior that violates our Community Guidelines.

Details: